00293 a2200121 450000100060000004000260000610000210003224000370005324500320009030000090012236200090013165000310014048271 cAnchieta - Bela Vista aAzevedo, Ricardo10aO livro dos pontos de vistalpor10aO livro dos pontos de vista a64p.0 a2006 4aLiteratura infanto-juvenil